000 00699pam a2200205 a 4500
005 20131028060325.0
008 920116s1992 ctu b 001 0 eng
020 _a0275943208
080 _a323.1
_x(47)
245 0 0 _aNationalism and the breakup of an empire :
_cedited by Miron Rezun.
260 _aWestport, Conn. :
_bPraeger,
_c1992.
300 _ax, 197 p. ;
_c24 cm.
500 _aPreface : f.[IX] - X
504 _aIncludes bibliographical references (p. [179]-183) and index.
650 0 _aMinoritetet
_zUnioni Sovjetik
650 0 _aNacionalizmi
_zUnioni Sovjetik
651 0 _aSoviet Union
_xMarrëdhëniet etnike
700 1 _aRezun, Miron.
942 _2udc
_cBK
999 _c159
_d159